[Event "DVM U20w 2013"]
[Site "Osnabrück GER"]
[Date "2013.12.28"]
[Round "3"]
[White "Nguyen Minh, Thuy"]
[Black "Endress, Anna"]
[Result "1/2-1/2"]
[Termination "normal"]
[Board "1.1"]
[WhiteElo "1975"]
[BlackElo "2138"]
[WhiteTeam "Chemnitzer SC Aufbau`95 1"]
[BlackTeam "TSV Schott Mainz"]
[WhiteFideId "24672688"]
[BlackFideId "24629472"]
[EventCountry "GER"]
[EventRounds "7"]
[EventType "team-swiss"]
[EventDate "2013.12.26"]

1. e4 c5 2. Nc3 e6 3. Nf3 a6 4. d4 cxd4 5. Nxd4 Nc6 6. Be2 Qc7 7. O-O b5 8.
Nxc6 dxc6 9. f4 b4 10. Nb1 Nf6 11. Bf3 Bc5+ 12. Kh1 Bb7 13. Bd2 a5 14. e5 Nd5
15. Qe1 O-O 16. Be4 f5 17. Bd3 Qb6 18. Rf3 Rab8 19. Rh3 Bf2 20. Qd1 g6 21. Bc1
Rfd8 22. Qe2 Bd4 23. Qe1 a4 24. Qh4 Rd7 25. Nd2 a3 26. Nc4 Qc5 27. Rb1 Ba6 28.
Nd2 axb2 29. Nb3 bxc1=Q+ 30. Rxc1 Qb6 31. Bxa6 Be3 32. Re1 Qxa6 33. Rhxe3 Qxa2
34. R3e2 Qa7 35. Qg3 Nc3 36. Re3 Rbd8 37. h4 Ne4 38. Qf3 Kg7 39. Kh2 c5 40.
Rxe4 fxe4 41. Rxe4 c4 42. Rxc4 Rd1 43. Nc5 Kf7 44. Qg4 Qa1 1/2-1/2

[Event "DVM U20w 2013"]
[Site "Osnabrück GER"]
[Date "2013.12.28"]
[Round "3"]
[White "Schmalhorst, Sophia"]
[Black "Nobis, Anna"]
[Result "1/2-1/2"]
[Termination "normal"]
[Board "1.2"]
[WhiteElo "1926"]
[BlackElo "1786"]
[WhiteTeam "TSV Schott Mainz"]
[BlackTeam "Chemnitzer SC Aufbau`95 1"]
[WhiteFideId "24682497"]
[BlackFideId "1270302"]
[EventCountry "GER"]
[EventRounds "7"]
[EventType "team-swiss"]
[EventDate "2013.12.26"]

1. e4 c5 2. Nf3 Nc6 3. d4 cxd4 4. Nxd4 e5 5. Nb5 d6 6. N1c3 a6 7. Na3 Be7 8.
Nc4 b5 9. Ne3 Nf6 10. Ned5 O-O 11. Be2 Be6 12. Nxf6+ Bxf6 13. O-O Nd4 14. Be3
Nxe2+ 15. Nxe2 d5 16. exd5 Qxd5 17. Qxd5 Bxd5 18. c3 Bc4 19. Rfe1 Rfd8 20. Ng3
Rd7 21. a4 Rad8 22. axb5 axb5 23. Ne4 Be7 24. Bb6 Rb8 25. Ba7 Rbd8 26. Bb6 Rb8
27. Ba7 Rbd8 28. Bb6 1/2-1/2

[Event "DVM U20w 2013"]
[Site "Osnabrück GER"]
[Date "2013.12.28"]
[Round "3"]
[White "Kempe, Anne"]
[Black "Schwarz, Larissa"]
[Result "1/2-1/2"]
[Termination "normal"]
[Board "1.3"]
[WhiteElo "1791"]
[BlackElo "1900"]
[WhiteTeam "Chemnitzer SC Aufbau`95 1"]
[BlackTeam "TSV Schott Mainz"]
[WhiteFideId "12918083"]
[BlackFideId "24699004"]
[EventCountry "GER"]
[EventRounds "7"]
[EventType "team-swiss"]
[EventDate "2013.12.26"]

1. e4 c5 2. Nf3 e6 3. d4 cxd4 4. Nxd4 a6 5. Nc3 Nc6 6. Nxc6 bxc6 7. Bd3 d5 8.
O-O Nf6 9. e5 Nd7 10. f4 Be7 11. Kh1 c5 12. b3 h5 13. Ne2 h4 14. Ng1 Bb7 15. h3
f5 16. exf6 Nxf6 17. Bg6+ Kf8 18. Nf3 d4 19. Qe2 Bd5 20. Ng5 Qd7 21. Re1 Rh6
22. f5 exf5 23. Ne6+ Bxe6 24. Bxh6 Ne4 25. Bf4 Bg5 26. Bh2 Be3 27. Rf1 Ke7 28.
Rf3 Kf6 29. Bh5 Kg5 30. Rxe3 dxe3 31. Bf3 Qd4 32. Bxe4 Qxa1+ 33. Bg1 Rd8 34.
Qxe3+ Kf6 35. Bd3 Qxa2 36. Qxc5 Qa1 37. Qb6 Rc8 38. Bc4 Re8 39. Bxa6 Kf7 40.
Bd3 Qe5 41. Qf2 g5 42. Qf3 Kg6 43. b4 Bd5 44. Qf2 Be4 45. Bxe4 Qxe4 46. Qc5 f4
47. c3 f3 48. Qf2 fxg2+ 49. Qxg2 Qc4 50. Qf3 Re4 51. Qf8 Re1 52. Qd6+ Kh5 53.
Qd2 Qe4+ 54. Qg2 Qd3 55. Qg4+ Kh6 56. c4 Re2 57. b5 Re4 58. Qf5 Qxc4 59. Qf6+
Kh5 60. Qf5 Re7 61. Be3 Qe4+ 62. Qxe4 Rxe4 63. Bf2 Rb4 64. b6 Kg6 65. Kg2 Rb3
66. Bc5 Kf5 67. Kh2 Rb2+ 68. Kg1 Ke4 69. Kh1 Kf3 70. Kg1 g4 71. hxg4 Kxg4 72.
Kh1 h3 73. Bd4 Rb4 74. Bc5 Rb5 75. Bd4 Rd5 76. Bg1 Rd1 77. Kh2 Rd2+ 78. Kh1 h2
79. Bxh2 Kh3 80. Bg1 Rb2 81. Bd4 Rb1+ 82. Bg1 Kg3 83. b7 Rxb7 84. Bc5 Rh7+ 85.
Kg1 Kf3 86. Bd6 Rg7+ 87. Kh1 Rg6 88. Be5 Rg4 89. Bc7 Rc4 90. Bd6 Rd4 91. Bc7
Rd2 92. Bb6 Rg2 93. Bc7 Rg7 94. Bd6 Kf2 95. Bc5+ Kg3 96. Bd6+ Kh3 97. Bc5 Rc7
98. Bd4 1/2-1/2

[Event "DVM U20w 2013"]
[Site "Osnabrück GER"]
[Date "2013.12.28"]
[Round "3"]
[White "Brandl, Lea Maria"]
[Black "Kaden, Romy"]
[Result "1-0"]
[Termination "normal"]
[Board "1.4"]
[WhiteElo "1741"]
[BlackElo "1807"]
[WhiteTeam "TSV Schott Mainz"]
[BlackTeam "Chemnitzer SC Aufbau`95 1"]
[WhiteFideId "24693049"]
[BlackFideId "12931616"]
[EventCountry "GER"]
[EventRounds "7"]
[EventType "team-swiss"]
[EventDate "2013.12.26"]

1. d4 c5 2. d5 d6 3. c4 e5 4. e4 Be7 5. Nf3 Bg4 6. Bd2 Nf6 7. Nc3 O-O 8. Be2
Ne8 9. h3 Bd7 10. g4 Na6 11. a3 b6 12. Rc1 Nac7 13. Bd3 Rb8 14. Ne2 b5 15. b3
Qc8 16. Rb1 bxc4 17. bxc4 Rxb1 18. Qxb1 Qa6 19. Qc1 Na8 20. Ng3 Nb6 21. Nf5 Bd8
22. h4 Na4 23. h5 Qb6 24. g5 Qb3 25. Be2 Nb2 26. Qc3 Ba4 27. Qxb3 Bxb3 28. Ne3
Nc7 29. Bc1 Na4 30. Bd1 Bxd1 31. Nxd1 Na8 32. Kd2 N8b6 33. Kd3 f6 34. gxf6 Rxf6
35. Nh4 h6 36. Nf5 Kh7 37. Rg1 g6 38. hxg6+ Rxg6 39. Rxg6 Kxg6 40. Bxh6 Nc8 41.
Bd2 Bg5 42. Nde3 Kh5 43. Ng7+ Kg6 44. Ngf5 Bf4 45. Kc2 Nab6 46. Kb3 Kg5 47. a4
Nd7 48. f3 Nf8 49. Kc3 Ng6 50. Kd3 Nh8 51. Ba5 Nf7 52. Bc7 a6 53. Nc2 Bc1 54.
Na1 Kf4 55. Nb3 Ba3 56. Na5 Kxf3 57. Nb7 Ng5 58. Nbxd6 Nxd6 59. Nxd6 Nh3 60.
Nf7 Nf2+ 61. Kc2 Nxe4 62. Nxe5+ Ke3 63. d6 Nxd6 64. Bxd6 Kd4 65. Kb3 Bc1 66.
Nd7 a5 67. Bxc5+ Ke4 68. Bb6 Bd2 69. c5 Kd5 70. Kc2 Bb4 71. Kd3 Be1 72. Ke3 Bb4
73. Kf4 Bc3 74. Kf5 1-0

[Event "DVM U20w 2013"]
[Site "Osnabrück GER"]
[Date "2013.12.28"]
[Round "3"]
[White "Kühnel, Lena"]
[Black "Polert, Annika"]
[Result "1/2-1/2"]
[Termination "normal"]
[Board "2.1"]
[WhiteElo "1934"]
[BlackElo "1834"]
[WhiteTeam "Dortmunder Schachverein 1875"]
[BlackTeam "TuRa Harksheide von 1945 Norderstedt e. V."]
[WhiteFideId "24640956"]
[BlackFideId "24692328"]
[EventCountry "GER"]
[EventRounds "7"]
[EventType "team-swiss"]
[EventDate "2013.12.26"]

1. e4 e5 2. Nf3 Nc6 3. Bc4 Bc5 4. c3 Nf6 5. d4 exd4 6. e5 d5 7. Bb5 Ne4 8. cxd4
Bb6 9. Be3 O-O 10. O-O Bg4 11. Nc3 Nxc3 12. bxc3 f6 13. exf6 Qxf6 14. Be2 Rae8
15. Re1 h6 16. h3 Bh5 17. Qb3 Qd8 18. Rab1 Rf6 19. Ne5 Bxe2 20. Nxc6 Rxc6
1/2-1/2

[Event "DVM U20w 2013"]
[Site "Osnabrück GER"]
[Date "2013.12.28"]
[Round "3"]
[White "Hoffmann, Hanna Dorina"]
[Black "Rosmait, Emily"]
[Result "0-1"]
[Termination "normal"]
[Board "2.3"]
[WhiteElo "1594"]
[BlackElo "1715"]
[WhiteTeam "Dortmunder Schachverein 1875"]
[BlackTeam "TuRa Harksheide von 1945 Norderstedt e. V."]
[WhiteFideId "12909858"]
[BlackFideId "12937754"]
[EventCountry "GER"]
[EventRounds "7"]
[EventType "team-swiss"]
[EventDate "2013.12.26"]

1. e4 e5 2. Nf3 Nc6 3. d4 exd4 4. Nxd4 Bc5 5. Nxc6 Qf6 6. Qf3 dxc6 7. Nc3 Be6
8. Bf4 O-O-O 9. Qg3 Ne7 10. Bd3 Ng6 11. Be3 Bxe3 12. Qxe3 Kb8 13. O-O-O Ne5 14.
f4 Nc4 15. Bxc4 Bxc4 16. g4 Rhe8 17. h4 Rxd1+ 18. Kxd1 Qe6 19. f5 Qe5 20. Kc1
Rd8 21. Rd1 Rxd1+ 22. Kxd1 b6 23. a3 c5 24. Qg5 Qd4+ 25. Kc1 Qg1+ 26. Kd2 Qf2+
27. Kc1 Qe1+ 28. Nd1 Qxe4 29. Nf2 Qe1+ 30. Nd1 Qe5 31. Qe3 Qd4 32. Qxd4 cxd4
33. Kd2 c5 34. Nf2 Kc7 35. b4 cxb4 36. axb4 Kd6 37. Nd1 Ke5 38. Nb2 Bf1 39.
Nd3+ Ke4 40. Nf2+ Kf3 41. Ke1 Bc4 42. Nd1 Kxg4 43. c3 Kxf5 44. cxd4 Ke4 0-1

[Event "DVM U20w 2013"]
[Site "Osnabrück GER"]
[Date "2013.12.28"]
[Round "3"]
[White "Spangenberg, Romy"]
[Black "Böhm, Jana"]
[Result "1/2-1/2"]
[Termination "normal"]
[Board "3.2"]
[WhiteElo "1788"]
[BlackElo "1705"]
[WhiteTeam "SC Leipzig-Lindenau"]
[BlackTeam "SK Lehrte"]
[WhiteFideId "4627997"]
[BlackFideId "24661589"]
[EventCountry "GER"]
[EventRounds "7"]
[EventType "team-swiss"]
[EventDate "2013.12.26"]

1. e4 e6 2. d4 d5 3. Nc3 Nf6 4. e5 Nfd7 5. f4 c5 6. Nf3 Nc6 7. Be3 a6 8. Be2 b5
9. O-O Qb6 10. dxc5 Bxc5 11. Bxc5 Nxc5 12. Kh1 b4 13. Nb1 Ne4 14. Qe1 a5 15.
Nbd2 O-O 16. Bd3 f5 17. exf6 Nxf6 18. Ne5 Ba6 19. Bxa6 Rxa6 20. Ndf3 Ra7 21.
Nxc6 Qxc6 22. Nd4 Qb6 23. Qxe6+ Qxe6 24. Nxe6 Rc8 25. Nd4 Ne4 26. a3 Rc4 27.
Rad1 bxa3 28. bxa3 Rb7 29. Kg1 1/2-1/2

[Event "DVM U20w 2013"]
[Site "Osnabrück GER"]
[Date "2013.12.28"]
[Round "3"]
[White "Schulze, Lara"]
[Black "Spangenberg, Pia"]
[Result "1-0"]
[Termination "normal"]
[Board "3.3"]
[WhiteElo "1759"]
[BlackElo "1779"]
[WhiteTeam "SK Lehrte"]
[BlackTeam "SC Leipzig-Lindenau"]
[WhiteFideId "12956830"]
[BlackFideId "4627989"]
[EventCountry "GER"]
[EventRounds "7"]
[EventType "team-swiss"]
[EventDate "2013.12.26"]

1. d4 d5 2. c4 c6 3. cxd5 cxd5 4. Nc3 Bf5 5. Qb3 Nc6 6. e3 Qc7 7. a3 e6 8. Nf3
a6 9. Bd2 b5 10. Rc1 Na5 11. Qd1 Nc4 12. Bxc4 dxc4 13. Ne5 Qb7 14. Qf3 Qxf3 15.
Nxf3 Ne7 16. e4 Bg4 17. Ne5 Bh5 18. g4 Bg6 19. h4 f6 20. Nf3 Rd8 21. h5 Bf7 22.
Ne2 Nc6 23. g5 Be7 24. Rd1 g6 25. gxf6 Bxf6 26. Bg5 Bxg5 27. Nxg5 gxh5 28. Nxf7
Kxf7 29. Rxh5 Ne7 30. Kd2 h6 31. Ke3 Rb8 32. Rdh1 Ng8 33. f3 Rh7 34. Rc5 Nf6
35. Rc7+ Kg8 36. Rc6 Kf7 37. Rxa6 Ne8 38. Ra7+ Kg8 39. Rxh7 Kxh7 40. Nf4 Nc7
41. Rg1 Rf8 42. Rg4 Rf7 43. Kd2 Rg7 44. Rh4 Rg1 45. d5 exd5 46. exd5 Ne8 47.
Ne2 Nd6 48. Nxg1 1-0

[Event "DVM U20w 2013"]
[Site "Osnabrück GER"]
[Date "2013.12.28"]
[Round "3"]
[White "Klotz, Diana"]
[Black "Dannenberg, Nicole"]
[Result "0-1"]
[Termination "normal"]
[Board "3.4"]
[WhiteElo "1000"]
[BlackElo "1161"]
[WhiteTeam "SC Leipzig-Lindenau"]
[BlackTeam "SK Lehrte"]
[WhiteFideId "12983187"]
[BlackFideId "1270508"]
[EventCountry "GER"]
[EventRounds "7"]
[EventType "team-swiss"]
[EventDate "2013.12.26"]

1. Nf3 d5 2. e3 Nf6 3. Be2 c6 4. O-O Bf5 5. h3 h6 6. Nd4 Bh7 7. d3 Nbd7 8. e4
dxe4 9. dxe4 Nxe4 10. Bf3 Nef6 11. Bf4 e6 12. Bg3 Be7 13. b4 Bxb4 14. c3 Ba5
15. Nb3 Bc7 16. Bxc7 Qxc7 17. Qd4 O-O 18. Re1 Rfd8 19. Qe3 Nd5 20. Qe2 N7f6 21.
Qd1 Nf4 22. Qc1 Nd3 23. Qd1 Nxe1 24. Qxe1 Ne4 25. Bxe4 Bxe4 26. N1d2 Bg6 27.
Rd1 Rd6 28. Kf1 Bd3+ 29. Kg1 Rad8 30. f3 Bc2 31. Rc1 Bxb3 32. Nxb3 b6 33. Kf1
R8d7 34. Rc2 Rd1 35. Rc1 Rxe1+ 36. Rxe1 Rd3 37. Nc1 Rxc3 38. Ne2 Rc2 39. Nd4
Rxa2 40. Nb3 Qg3 41. Nc1 Qf2# 0-1

[Event "DVM U20w 2013"]
[Site "Osnabrück GER"]
[Date "2013.12.28"]
[Round "3"]
[White "Stoll, Katja"]
[Black "Eue, Vicky"]
[Result "1/2-1/2"]
[Termination "normal"]
[Board "4.1"]
[WhiteElo "1855"]
[BlackElo "1646"]
[WhiteTeam "SC Bechhofen 1923 e.V."]
[BlackTeam "Leegebrucher Schachfreunde"]
[WhiteFideId "1271730"]
[BlackFideId "12945838"]
[EventCountry "GER"]
[EventRounds "7"]
[EventType "team-swiss"]
[EventDate "2013.12.26"]

1. e4 e6 2. d4 d5 3. e5 c5 4. c3 Nc6 5. Nf3 Qb6 6. a3 cxd4 7. cxd4 Bd7 8. b4 a6
9. Be2 Rc8 10. O-O Nge7 11. Bb2 Ng6 12. Qd2 Be7 13. Rc1 O-O 14. Nc3 Na7 15. Bd1
Qd8 16. Na4 Bxa4 17. Bxa4 b5 18. Bb3 Qb6 19. Ne1 h6 20. Nd3 Nc6 21. Qe3 a5 22.
bxa5 Nxa5 23. Rxc8 Rxc8 24. Nb4 Nc4 25. Qe2 Nf4 26. Qc2 Qb7 27. Bxc4 Rxc4 28.
Qd2 Bg5 29. Qd1 Be7 30. Qd2 Bg5 31. Qd1 Be7 32. Qd2 Bg5 1/2-1/2

[Event "DVM U20w 2013"]
[Site "Osnabrück GER"]
[Date "2013.12.28"]
[Round "3"]
[White "Reck, Jessica"]
[Black "Schäfer, Ann-Kathrin"]
[Result "0-1"]
[Termination "normal"]
[Board "4.2"]
[WhiteElo "1274"]
[BlackElo "1710"]
[WhiteTeam "Leegebrucher Schachfreunde"]
[BlackTeam "SC Bechhofen 1923 e.V."]
[WhiteFideId "12917931"]
[BlackFideId "24615412"]
[EventCountry "GER"]
[EventRounds "7"]
[EventType "team-swiss"]
[EventDate "2013.12.26"]

1. d4 d5 2. c4 e6 3. Nc3 c6 4. Nf3 dxc4 5. Bf4 Nf6 6. e3 b5 7. a4 Bb4 8. Be2
Bb7 9. O-O a6 10. Qc2 O-O 11. Ne4 Nxe4 12. Qxe4 Nd7 13. Ng5 Nf6 14. Qf3 h6 15.
Nh3 Bd6 16. axb5 axb5 17. Rxa8 Bxa8 18. Ra1 Bxf4 19. Qxf4 Qe7 20. Qe5 Qb4 21.
d5 cxd5 22. Qc3 Qxc3 23. bxc3 Ne4 24. Rc1 Bc6 25. Bf3 Nc5 26. Nf4 Ra8 27. Ne2
Ra3 28. h3 Nd3 29. Rb1 Rb3 30. Ra1 Ne5 31. Nd4 Rxc3 32. Bd1 Bd7 33. Bc2 g6 34.
Ra7 b4 35. Ne2 Ra3 36. Rxa3 bxa3 37. Nc3 Nc6 38. Ba4 Ne5 39. Bc2 Kf8 40. Kf1
Ke7 41. Ke2 Nc6 42. Na2 d4 43. exd4 Nxd4+ 44. Kd2 Nxc2 45. Kxc2 Ba4+ 46. Kb1
Bb3 47. Nc3 a2+ 48. Nxa2 Bxa2+ 49. Kxa2 Kd6 50. Kb2 Kd5 51. Kc3 Kc5 52. h4 h5
53. g3 f6 54. f4 f5 55. Kd2 Kd4 56. Kc2 c3 57. Kd1 Kd3 0-1

[Event "DVM U20w 2013"]
[Site "Osnabrück GER"]
[Date "2013.12.28"]
[Round "3"]
[White "Alsheimer, Lea"]
[Black "Sauer, Annika"]
[Result "1-0"]
[Termination "normal"]
[Board "4.3"]
[WhiteElo "1406"]
[BlackElo "1350"]
[WhiteTeam "SC Bechhofen 1923 e.V."]
[BlackTeam "Leegebrucher Schachfreunde"]
[WhiteFideId "12918180"]
[BlackFideId "12952052"]
[EventCountry "GER"]
[EventRounds "7"]
[EventType "team-swiss"]
[EventDate "2013.12.26"]

1. d4 d5 2. Nf3 Bf5 3. e3 Nf6 4. Bd3 Bg6 5. Ne5 Nbd7 6. Bxg6 hxg6 7. f4 e6 8.
Nd2 Bd6 9. b3 Nh5 10. Ndf3 Bxe5 11. fxe5 f6 12. exf6 gxf6 13. Qd3 f5 14. Bb2
Ng3 15. Rg1 Ne4 16. Qb5 Rb8 17. h3 a6 18. Qb4 Qe7 19. Qa4 Kf7 20. O-O-O Rhc8
21. Rdf1 Ng3 22. Rf2 Nb6 23. Qa5 Ne4 24. Ne5+ Kg7 25. Rf3 Nd7 26. Nd3 Ndf6 27.
Ba3 Qe8 28. Qe1 b6 29. g4 fxg4 30. hxg4 Ng5 31. Rff1 Nd7 32. Rh1 Qg8 33. Qh4
Nf7 34. Rxf7+ Qxf7 35. Qh7+ 1-0

[Event "DVM U20w 2013"]
[Site "Osnabrück GER"]
[Date "2013.12.28"]
[Round "3"]
[White "Wolff, Marie Antoinette"]
[Black "Böse, Carolin"]
[Result "1-0"]
[Termination "normal"]
[Board "4.4"]
[WhiteElo "1406"]
[BlackElo "1318"]
[WhiteTeam "Leegebrucher Schachfreunde"]
[BlackTeam "SC Bechhofen 1923 e.V."]
[WhiteFideId "12908258"]
[BlackFideId "12929646"]
[EventCountry "GER"]
[EventRounds "7"]
[EventType "team-swiss"]
[EventDate "2013.12.26"]

1. c4 e5 2. Nc3 Nc6 3. g3 Bc5 4. Bg2 d6 5. d3 Nf6 6. Nf3 h6 7. O-O a6 8. a3 Ba7
9. b4 O-O 10. Bb2 Nh5 11. Nd2 f5 12. e4 Qg5 13. Nf3 Qg6 14. Nh4 Qg5 15. exf5
Bxf5 16. Nxf5 Rxf5 17. Ne4 Qg6 18. Rc1 Bd4 19. Bxd4 Nxd4 20. c5 d5 21. Nc3 c6
22. a4 Raf8 23. b5 axb5 24. axb5 Nf3+ 25. Kh1 Nxh2 26. Kxh2 Rxf2 27. Ne2 Nf4
28. Rxf2 Qh5+ 29. Kg1 Nh3+ 30. Bxh3 Rxf2 31. Kxf2 Qxh3 32. bxc6 bxc6 33. Qb3
Kh7 34. Rf1 Qg4 35. Qb7 Qa4 36. Qd7 Qb5 37. Qf5+ Kg8 38. Qxe5 Qxc5+ 39. d4 Qc2
40. Kg1 Qg6 41. Qf5 Qe8 42. Rf2 Qa8 43. Qe6+ Kh8 44. Rf7 Qa1+ 45. Kg2 Qb1 46.
Qf5 1-0

[Event "DVM U20w 2013"]
[Site "Osnabrück GER"]
[Date "2013.12.28"]
[Round "3"]
[White "Krtschil, Anna"]
[Black "Schäfer, Annabelle"]
[Result "1/2-1/2"]
[Termination "normal"]
[Board "5.1"]
[WhiteElo "1445"]
[BlackElo "1948"]
[WhiteTeam "SG Burgtonna"]
[BlackTeam "BSV 63 Chemie Weißensee"]
[WhiteFideId "4611144"]
[BlackFideId "12917729"]
[EventCountry "GER"]
[EventRounds "7"]
[EventType "team-swiss"]
[EventDate "2013.12.26"]

1. e4 b6 2. d4 Bb7 3. Nc3 e6 4. Nf3 Bb4 5. Bd3 Nf6 6. Qe2 h6 7. h3 Be7 8. Bf4
d6 9. O-O-O Nbd7 10. Rhg1 g5 11. Bg3 Nh5 12. e5 Nxg3 13. fxg3 Bf8 14. d5 Qe7
15. exd6 cxd6 16. dxe6 fxe6 17. Rge1 e5 18. Nb5 O-O-O 19. Bf5 Kb8 20. Nxd6 Ba8
21. Nc4 Bg7 22. Nfxe5 Nxe5 23. Rxd8+ Rxd8 24. Nxe5 Bxe5 25. Qxe5+ Qxe5 26. Rxe5
Bxg2 27. b3 1/2-1/2

[Event "DVM U20w 2013"]
[Site "Osnabrück GER"]
[Date "2013.12.28"]
[Round "3"]
[White "Koch, Elisabeth"]
[Black "Halle, Julia"]
[Result "1-0"]
[Termination "normal"]
[Board "5.2"]
[WhiteElo "1688"]
[BlackElo "1403"]
[WhiteTeam "BSV 63 Chemie Weißensee"]
[BlackTeam "SG Burgtonna"]
[WhiteFideId "24695068"]
[BlackFideId "24694940"]
[EventCountry "GER"]
[EventRounds "7"]
[EventType "team-swiss"]
[EventDate "2013.12.26"]

1. e4 d6 2. d4 Nf6 3. Nc3 g6 4. f4 Bg7 5. Nf3 O-O 6. Bd3 Nbd7 7. e5 dxe5 8.
dxe5 Ne8 9. e6 Nc5 10. exf7+ Rxf7 11. Bc4 Qxd1+ 12. Nxd1 Be6 13. Be2 Rf8 14.
Ng5 Nd6 15. Be3 Nde4 16. Nxe6 Nxe6 17. Bc4 Kf7 18. O-O Nd6 19. Bb3 Nf5 20. c3
Nxe3 21. Nxe3 Kf6 22. Nd5+ Kf5 23. Nxe7+ Kf6 24. Nd5+ Kf5 25. Bc2+ Kg4 26. Ne3+
Kh5 27. g3 Bf6 28. g4+ Kh4 29. Bd1 Nxf4 30. Rxf4 Bg5 31. Ng2+ Kh3 32. Rd4 1-0

[Event "DVM U20w 2013"]
[Site "Osnabrück GER"]
[Date "2013.12.28"]
[Round "3"]
[White "Winterberg, Johanna"]
[Black "Greßmann, Hanna"]
[Result "0-1"]
[Termination "normal"]
[Board "5.3"]
[WhiteElo "1365"]
[BlackElo "1537"]
[WhiteTeam "SG Burgtonna"]
[BlackTeam "BSV 63 Chemie Weißensee"]
[WhiteFideId "12929344"]
[BlackFideId "12930709"]
[EventCountry "GER"]
[EventRounds "7"]
[EventType "team-swiss"]
[EventDate "2013.12.26"]

1. e4 e5 2. Nf3 Nc6 3. Bc4 Bc5 4. c3 Nf6 5. d4 exd4 6. cxd4 Bb4+ 7. Nc3 Nxe4 8.
O-O Bxc3 9. d5 Ne5 10. Qe2 O-O 11. Nxe5 Bxe5 12. Qxe4 Re8 13. Qd3 d6 14. Rb1 g6
15. Qf3 Qh4 16. Bf4 Qxf4 17. Qxf4 Bxf4 18. g3 Be5 19. Rfe1 Bf5 20. Bb5 Bxb1 21.
Bxe8 Rxe8 22. Rxb1 Bd4 23. Kf1 Re5 24. Rc1 Bb6 25. Rd1 Re4 26. f3 Rd4 27. Rxd4
Bxd4 28. b4 b5 29. Ke2 Bc3 0-1

[Event "DVM U20w 2013"]
[Site "Osnabrück GER"]
[Date "2013.12.28"]
[Round "3"]
[White "Kluge, Helene"]
[Black "Schirrmeister, Laura"]
[Result "1-0"]
[Termination "normal"]
[Board "5.4"]
[WhiteElo "1018"]
[BlackElo "992"]
[WhiteTeam "BSV 63 Chemie Weißensee"]
[BlackTeam "SG Burgtonna"]
[WhiteFideId "12983179"]
[BlackFideId "24694967"]
[EventCountry "GER"]
[EventRounds "7"]
[EventType "team-swiss"]
[EventDate "2013.12.26"]

1. e4 d6 2. d4 Nf6 3. Bd3 g6 4. f4 Bg7 5. Nf3 O-O 6. O-O Nbd7 7. Nc3 c5 8. Be3
Ne8 9. e5 cxd4 10. Bxd4 dxe5 11. fxe5 e6 12. Re1 a6 13. Kh1 Rb8 14. a3 b5 15.
b4 Qc7 16. Qd2 Bb7 17. Qe2 Bxf3 18. gxf3 f6 19. f4 fxe5 20. fxe5 Qc6+ 21. Be4
Qc4 22. Qxc4 bxc4 23. Bc6 Rd8 24. Bb7 Rf5 25. Bxa6 Nxe5 26. Bxc4 Nxc4 27. Bxg7
Nxg7 28. a4 Kf8 29. a5 Ra8 30. a6 Nb6 31. Ne4 Ke7 32. Nc5 Rd8 33. a7 Na8 34.
Ne4 Rc8 35. c3 Nh5 36. Rec1 Nb6 37. Ra6 Na8 38. Nd6 Rff8 39. Nxc8+ Rxc8 40. b5
Nc7 41. Ra5 Nxb5 42. a8=Q Rxa8 43. Rxa8 e5 44. c4 Nd4 45. c5 e4 46. c6 Nxc6 47.
Rxc6 e3 48. Ra7+ 1-0

[Event "DVM U20w 2013"]
[Site "Osnabrück GER"]
[Date "2013.12.28"]
[Round "3"]
[White "Bork, Sophie"]
[Black "Hartewig, Anja"]
[Result "0-1"]
[Termination "normal"]
[Board "6.1"]
[WhiteElo "1542"]
[BlackElo "1819"]
[WhiteTeam "Schachverein Welper 1922 e.V."]
[BlackTeam "Chemnitzer SC Aufbau`95 2"]
[WhiteFideId "12905429"]
[BlackFideId "12917966"]
[EventCountry "GER"]
[EventRounds "7"]
[EventType "team-swiss"]
[EventDate "2013.12.26"]

1. e4 d6 2. d4 Nf6 3. Nc3 g6 4. f4 Bg7 5. a3 O-O 6. Nf3 b6 7. h3 Bb7 8. Bd3 c5
9. dxc5 bxc5 10. Qe2 Qa5 11. Bd2 Qb6 12. Na4 Qc7 13. O-O Nc6 14. Rab1 a5 15. c4
Nd4 16. Nxd4 cxd4 17. b3 Nd7 18. Qe1 Qc6 19. Rf3 e5 20. f5 Nf6 21. Qf1 Nxe4 22.
Bxe4 Qxe4 23. f6 Bh8 24. Bh6 Rfe8 25. Bd2 Qh4 26. Rf2 e4 27. Rf4 Qh5 28. g4 Qe5
29. Be1 e3 30. Nb2 Be4 31. Rd1 Bc2 32. Rc1 d3 33. Nxd3 Bxd3 34. Qxd3 Qxf4 35.
Rc2 Bxf6 0-1

[Event "DVM U20w 2013"]
[Site "Osnabrück GER"]
[Date "2013.12.28"]
[Round "3"]
[White "Nitzsche, Pia"]
[Black "Venjakob, Alina"]
[Result "0-1"]
[Termination "normal"]
[Board "6.2"]
[WhiteElo "1683"]
[BlackElo "1412"]
[WhiteTeam "Chemnitzer SC Aufbau`95 2"]
[BlackTeam "Schachverein Welper 1922 e.V."]
[WhiteFideId "12900370"]
[BlackFideId "12964492"]
[EventCountry "GER"]
[EventRounds "7"]
[EventType "team-swiss"]
[EventDate "2013.12.26"]

1. c4 e5 2. g3 d6 3. Bg2 f5 4. Nc3 Nf6 5. e3 Be7 6. Nge2 O-O 7. d3 Qe8 8. O-O
Qh5 9. Nd5 Bd8 10. Nxf6+ Rxf6 11. Nc3 Qh6 12. b4 c6 13. b5 Qg6 14. Rb1 Rf8 15.
Ba3 Be7 16. Re1 c5 17. Nd5 Bd8 18. Bb2 Nd7 19. Bc3 Rb8 20. a4 Nf6 21. Rc1 Be6
22. Qc2 Bxd5 23. cxd5 Nh5 24. Bd2 f4 25. exf4 exf4 26. Re6 Qf7 27. Rf1 f3 28.
Bh3 Bf6 29. Rxd6 Kh8 30. Qxc5 Be7 31. Be6 Bxd6 32. Qxd6 Qg6 33. Qe5 Nf6 34. Bf5
Qe8 35. Qd4 Qh5 36. Be6 Rbe8 37. Bc3 Rxe6 38. dxe6 Qh3 0-1

[Event "DVM U20w 2013"]
[Site "Osnabrück GER"]
[Date "2013.12.28"]
[Round "3"]
[White "Hütte, Sarah"]
[Black "Pührer, Anne"]
[Result "1/2-1/2"]
[Termination "normal"]
[Board "6.3"]
[WhiteElo "1305"]
[BlackElo "1724"]
[WhiteTeam "Schachverein Welper 1922 e.V."]
[BlackTeam "Chemnitzer SC Aufbau`95 2"]
[WhiteFideId "12929611"]
[BlackFideId "24692247"]
[EventCountry "GER"]
[EventRounds "7"]
[EventType "team-swiss"]
[EventDate "2013.12.26"]

1. d4 d5 2. Nc3 Nf6 3. Bg5 Nbd7 4. f3 c6 5. e4 dxe4 6. fxe4 Qa5 7. e5 Nd5 8.
Bd2 Qb6 9. Nxd5 cxd5 10. Bc3 e6 11. Nf3 Be7 12. Bd3 O-O 13. O-O f6 14. Qe2 fxe5
15. Nxe5 Bf6 16. Qh5 g6 17. Nxg6 Bxd4+ 18. Bxd4 Qxd4+ 19. Kh1 hxg6 20. Qxg6+
Qg7 21. Qxe6+ Kh8 22. Rxf8+ Nxf8 23. Qxd5 Be6 24. Qh5+ Kg8 25. Rf1 Rd8 26. Rf3
1/2-1/2

[Event "DVM U20w 2013"]
[Site "Osnabrück GER"]
[Date "2013.12.28"]
[Round "3"]
[White "Fischer, Franziska"]
[Black "Schaller, Bettina"]
[Result "1-0"]
[Termination "normal"]
[Board "6.4"]
[WhiteElo "1530"]
[BlackElo "1262"]
[WhiteTeam "Chemnitzer SC Aufbau`95 2"]
[BlackTeam "Schachverein Welper 1922 e.V."]
[WhiteFideId "12924199"]
[BlackFideId "12929638"]
[EventCountry "GER"]
[EventRounds "7"]
[EventType "team-swiss"]
[EventDate "2013.12.26"]

1. d4 d6 2. Nf3 Nf6 3. c4 g6 4. Nc3 Bg7 5. e4 O-O 6. Be2 Bg4 7. Qb3 Qc8 8. h3
Bxf3 9. Bxf3 c6 10. O-O Nbd7 11. Be3 e5 12. d5 b6 13. Rac1 Rb8 14. Qa4 c5 15.
Nb5 Ne8 16. Rc3 a5 17. Na7 Qb7 18. Nc6 Ra8 19. Rb3 Qc7 20. Ne7+ Kh8 21. Bg4 Ra7
22. Bxd7 Qxd7 23. Qxd7 Rxd7 24. Nc6 Rb7 25. Nxa5 Rb8 26. Nc6 Rb7 27. a4 Nf6 28.
f3 Ra8 29. Ra1 Nd7 30. a5 Ra6 31. Nd8 Rb8 32. Nxf7+ Kg8 33. Nxd6 Bf8 34. Nb5
Rxa5 35. Rxa5 bxa5 36. Ra3 Nb6 37. b3 Ra8 38. d6 Nd7 39. Bd2 Kf7 40. Rxa5 Rxa5
41. Bxa5 Ke6 42. Bc7 Nf6 43. Kf2 Ne8 44. d7 Kxd7 45. Bxe5 Ke6 46. f4 Kf7 47.
Kf3 h6 48. g4 Be7 49. Bc3 Ke6 50. f5+ Kf7 51. e5 g5 52. Ke4 Bf8 53. Kd5 Ng7 54.
Nd6+ Bxd6 55. Kxd6 Nxf5+ 56. gxf5 h5 57. e6+ Ke8 58. f6 h4 59. f7+ Kf8 60. Kd7
g4 61. e7+ 1-0